[Event "Oberliga NRW 1920"]
[Site "Germany"]
[Date "2019.10.13"]
[Round "2.8"]
[White "Rott, Georg"]
[Black "Klippert, Jan Oliver"]
[Result "1-0"]
[WhiteElo "2058"]
[BlackElo "1789"]
[PlyCount "173"]
[EventDate "2019.09.15"]
[EventType "team-tourn"]
[EventRounds "9"]
[EventCountry "GER"]
[SourceTitle "CBM 195 Extra"]
[Source "ChessBase"]
[SourceDate "2020.05.31"]
[SourceVersion "1"]
[SourceVersionDate "2020.05.31"]
[SourceQuality "1"]
[WhiteTeam "Muenster"]
[BlackTeam "Plettenberg"]
[WhiteTeamCountry "GER"]
[BlackTeamCountry "GER"]

1. e4 e6 2. d4 d5 3. Nd2 c5 4. Ngf3 Nc6 5. exd5 exd5 6. Bb5 Bd7 7. Qe2+ Qe7 8. dxc5 Qxe2+ 9. Kxe2 Bxc5 10. Nb3 Bb6 11. Be3 Bxe3 12. Kxe3 Nf6 13. Nfd4 0-0 14. f3 Ne5 15. Rab1 Rac8 16. Bxd7 Nfxd7 17. Rhd1 Rfe8 18. Kf2 Nc4 19. c3 Nde5 20. Ne2 Rcd8 21. Nc5 b6 22. Na6 Re6 23. b3 Na3 24. Rb2 Red6 25. Rbd2 Nc6 26. Nc7 d4 27. Nxd4 R6d7 28. f4 h6 29. Nf3 Rxc7 30. Rxd8+ Nxd8 31. Rxd8+ Kh7 32. c4 b5 33. cxb5 Nxb5 34. Rd2 Nc3 35. Ke3 Re7+ 36. Kd3 Nd5 37. g3 Rd7 38. Kc4 Ne3+ 39. Kb5 Rc7 40. Ne5 Nf5 41. b4 f6 42. Nd7 Rb7+ 43. Ka5 Ne3 44. Nf8+ Kg8 45. Rd8 Nc4+ 46. Ka4 Nb6+ 47. Kb3 Kf7 48. f5 Ke7 49. Ne6 a5 50. Rg8 a4+ 51. Kc2 Kd6 52. Rxg7 Rb8 53. Ra7 Rc8+ 54. Kd3 Rc1 55. b5 Ke5 56. Rc7 Rd1+ 57. Ke2 Rh1 58. h3 Kxf5 59. Nd4+ Ke4 60. Nf3 Rxh3 61. Rc6 Nd7 62. Rd6 Nc5 63. Rd4+ Kf5 64. Rd5+ Ke4 65. Rxc5 Rxg3 66. Nd2+ Kd4 67. Rc4+ Kd5 68. Rxa4 Rg2+ 69. Ke3 Kc5 70. Ra6 Kxb5 71. Rxf6 Rg3+ 72. Nf3 Rg2 73. Nd4+ Kc4 74. Ne2 Rh2 75. Rf4+ Kc5 76. a4 Rh3+ 77. Rf3 Rh1 78. Kd3 Ra1 79. Nc3 Rh1 80. Rf5+ Kc6 81. Kd4 Rh4+ 82. Ne4 Rh1 83. Rf6+ Kc7 84. Nc3 h5 85. a5 Ra1 86. a6 Kb8 87. Nb5 1-0

[Event "Oberliga NRW 1920"]
[Site "Germany"]
[Date "2019.09.15"]
[Round "1.8"]
[White "Rott, Georg"]
[Black "Schaar, Axel"]
[Result "1-0"]
[WhiteElo "2058"]
[BlackElo "1849"]
[PlyCount "141"]
[EventDate "2019.09.15"]
[EventType "team-tourn"]
[EventRounds "9"]
[EventCountry "GER"]
[SourceTitle "CBM 195 Extra"]
[Source "ChessBase"]
[SourceDate "2020.05.31"]
[SourceVersion "1"]
[SourceVersionDate "2020.05.31"]
[SourceQuality "1"]
[WhiteTeam "Muenster"]
[BlackTeam "Letmathe"]
[WhiteTeamCountry "GER"]
[BlackTeamCountry "GER"]

1. e4 c5 2. Nf3 Nc6 3. Bb5 d6 4. 0-0 Bd7 5. Re1 Nf6 6. h3 a6 7. Bxc6 Bxc6 8. d3 g6 9. e5 dxe5 10. Nxe5 Qd5 11. Nxc6 Qxc6 12. Qe2 0-0-0 13. Nd2 Nd5 14. Nc4 f6 15. Bd2 e5 16. Qf3 Nb4 17. Qd1 Nd5 18. a3 Bd6 19. Qf3 Bc7 20. b4 b5 21. Ne3 Rd6 22. bxc5 Qxc5 23. c4 Nxe3 24. Rxe3 Qc6 25. Qe2 Rhd8 26. Rc1 e4 27. cxb5 Qxb5 28. Rxe4 Rxd3 29. Rec4 Rxd2 30. Rxc7+ Kb8 31. Qxb5+ axb5 32. Rxh7 Rd1+ 33. Rxd1 Rxd1+ 34. Kh2 Ra1 35. Rf7 f5 36. Rf6 Rxa3 37. Rb6+ Kc7 38. Rxb5 Ra6 39. Kg3 Kc6 40. Re5 Kd6 41. Re8 Kd7 42. Re2 Ra4 43. f4 Rb4 44. Kh4 Rb3 45. Re5 Rb2 46. g4 Rb3 47. gxf5 gxf5 48. Rxf5 Ke6 49. Ra5 Kf6 50. Kg4 Rb6 51. h4 Kg6 52. Re5 Rb1 53. Re6+ Kf7 54. Ra6 Kg7 55. Kg5 Rg1+ 56. Kf5 Rh1 57. Rg6+ Kf7 58. Rg4 Rh2 59. Kg5 Kg7 60. Rg1 Ra2 61. h5 Ra8 62. Rb1 Ra5+ 63. f5 Ra7 64. Rb6 Rf7 65. f6+ Kh7 66. Re6 Rf8 67. Re7+ Kh8 68. Kg6 Rg8+ 69. Rg7 Rf8 70. Rh7+ Kg8 71. f7+ 1-0

[Event "Oberliga NRW 1718"]
[Site "Germany"]
[Date "2018.03.11"]
[Round "7.8"]
[White "Rott, Georg"]
[Black "Gorainow, Nikita"]
[Result "1-0"]
[WhiteElo "2149"]
[BlackElo "1912"]
[PlyCount "101"]
[EventDate "2017.09.17"]
[EventType "team-tourn"]
[EventRounds "9"]
[EventCountry "GER"]
[SourceTitle "EXT 2019"]
[Source "ChessBase"]
[SourceDate "2018.10.10"]
[SourceVersion "1"]
[SourceVersionDate "2018.10.10"]
[SourceQuality "1"]
[WhiteTeam "Muenster"]
[BlackTeam "Essen Katernberg"]
[WhiteTeamCountry "GER"]
[BlackTeamCountry "GER"]

1. e4 c5 2. Nf3 Nc6 3. Bb5 g6 4. Bxc6 bxc6 5. d3 Bg7 6. 0-0 e5 7. Bg5 Ne7 8. Qc1 0-0 9. Bh6 d6 10. Qg5 f6 11. Qh4 g5 12. Qh5 Ng6 13. g3 Bd7 14. Bxg7 Kxg7 15. Nfd2 Rb8 16. b3 d5 17. Qe2 h5 18. Nc3 Be6 19. Na4 Qe7 20. c4 d4 21. Qd1 g4 22. f3 gxf3 23. Nxf3 Bg4 24. Qe1 h4 25. Qa5 hxg3 26. hxg3 Rh8 27. Qxc5 Qd7 28. Nh2 Be2 29. Rf2 Bxd3 30. Qa5 Rbf8 31. Nc5 Qh3 32. Rg2 Bxe4 33. Nxe4 Qf5 34. Re1 Rf7 35. Nd6 Qd7 36. Nxf7 Kxf7 37. c5 Ne7 38. Nf3 Kg7 39. Nh4 Nd5 40. Qd2 Qg4 41. Qd3 Ne3 42. Rxe3 dxe3 43. Nf5+ Kg8 44. Qd8+ Kh7 45. Qd7+ Kg6 46. Nh4+ Kh5 47. Qf7+ Kh6 48. Qxf6+ Kh7 49. Qf7+ Kh6 50. Nf5+ Kg5 51. Nxe3 1-0

[Event "GER CupT 1718 prel4"]
[Site "Kirchweyhe"]
[Date "2018.01.14"]
[Round "2.4"]
[White "Jovanovic, Zoran"]
[Black "Rott, Georg"]
[Result "1-0"]
[WhiteElo "2535"]
[BlackElo "2168"]
[PlyCount "53"]
[EventDate "2018.01.13"]
[EventType "team-k.o."]
[EventRounds "2"]
[EventCountry "GER"]
[SourceTitle "EXT 2019"]
[Source "ChessBase"]
[SourceDate "2018.10.10"]
[SourceVersion "1"]
[SourceVersionDate "2018.10.10"]
[SourceQuality "1"]
[WhiteTeam "Muenster SK"]
[BlackTeam "Kirchweyhe"]
[WhiteTeamCountry "GER"]
[BlackTeamCountry "GER"]

1. e4 e6 2. d4 d5 3. Nc3 dxe4 4. Nxe4 Bd7 5. Nf3 Bc6 6. Bd3 Nd7 7. Qe2 Ngf6 8. Neg5 h6 9. Nxe6 fxe6 10. Bg6+ Ke7 11. 0-0 Bxf3 12. Qxf3 c6 13. Re1 Qa5 14. Qe2 Kd8 15. Bf4 Qd5 16. c4 Qxd4 17. g3 Qb6 18. Qxe6 Bc5 19. Re2 Kc8 20. Rd1 Bd4 21. b4 c5 22. Bd6 Qc6 23. Bf5 b6 24. b5 Qf3 25. Rd3 Qh5 26. Be7 a6 27. Qc6+ 1-0

[Event "NRW Class1 1617"]
[Site "Germany"]
[Date "2016.09.25"]
[Round "1.8"]
[White "Rott, Georg"]
[Black "Beckmann, Klaus2222"]
[Result "1/2-1/2"]
[WhiteElo "2111"]
[BlackElo "2135"]
[PlyCount "116"]
[EventDate "2016.09.25"]
[EventType "team-tourn"]
[EventRounds "9"]
[EventCountry "GER"]
[SourceTitle "EXT 2023"]
[Source "ChessBase"]
[SourceDate "2022.10.05"]
[SourceVersion "1"]
[SourceVersionDate "2022.10.05"]
[SourceQuality "1"]
[WhiteTeam "Muenster SK"]
[BlackTeam "Neuenkirchen"]
[WhiteTeamCountry "GER"]
[BlackTeamCountry "GER"]

1. e4 e5 2. Nf3 d5 3. exd5 e4 4. Qe2 Nf6 5. Nc3 Be7 6. Nxe4 0-0 7. d3 Nxd5 8. Qd1 f5 9. Ng3 Kh8 10. Be2 c5 11. 0-0 Nc6 12. d4 cxd4 13. Nxd4 Nxd4 14. Qxd4 Bf6 15. Qd2 Be6 16. Bf3 Nb6 17. Qxd8 Raxd8 18. Nh5 Bd5 19. Bxd5 Rxd5 20. Nxf6 Rxf6 21. b3 Kg8 22. c4 Rd7 23. g3 Kf7 24. Be3 Nc8 25. Rfd1 Rfd6 26. Rxd6 Rxd6 27. Kf1 a6 28. Ke2 g6 29. b4 Ne7 30. a4 Nc6 31. b5 Nd4+ 32. Bxd4 Rxd4 33. Rc1 axb5 34. axb5 Ke6 35. c5 Re4+ 36. Kf3 Kd7 37. c6+ bxc6 38. Rxc6 Rb4 39. Rb6 Kc7 40. Rf6 Rxb5 41. Rf7+ Kd6 42. Rxh7 Ke6 43. h4 Kf6 44. Rh8 Rb3+ 45. Kg2 Rb2 46. Ra8 Rc2 47. Ra6+ Kg7 48. Kf3 Rc3+ 49. Ke2 Rb3 50. f3 Rc3 51. Rd6 Ra3 52. Rd3 Ra4 53. Ke3 Ra6 54. Rd4 Kf6 55. Kf4 Rb6 56. Ra4 Rc6 57. g4 fxg4 58. Kxg4 Rc5 1/2-1/2